000 00497nam a2200181Ia 4500
001 8295
005 20260306160558.0
008 260306t2014||||xx |||||||||||||| ||spa||
041 _aESP
082 _a370.1523
_bP58
100 _aPimienta Prieto, Julio Herminio
_eAUT
245 0 _aEstrategias de enseñanza-aprendizaje:
_bdocencia universitaria basada en competencias
260 _c2014
300 _av, 183 páginas :
_c23 cm.
650 _aGEN
654 _aCED
942 _cLIB
_dJUS
_fJUS
_2ddc
_n
999 _c8295
_d8295